Les pays qui ont remporté la Coupe du Monde féminine de football - Statistiques

Statistiques générales
  • Ce quiz a été pris 53 fois
  • Le résultat moyen est 8 sur 9
Statistiques - réponses
Hint Réponse % Correct
2019 Etats Unis
100%
2015 Etats Unis
100%
1999 Etats Unis
100%
1991 Etats Unis
100%
2023 Espagne
94%
2007 Allemagne
92%
2003 Allemagne
92%
2011 Japon
76%
1995 Norvège
60%
Aucun quiz correspondant
Distribution des résultats
% des personnes avec chaque résultat
Percentile par nombre de réponses
Votre historique - résultats
Vous n’avez pas pris ce quiz